000 00445ntaaa2200181 4500
003 01
005 20251027202354.0
008 0714s1973 ag 01
040 _aAR-BaBN
_bspa
_cAR-BaBN
_eaacr
_dRIC
082 _a282.0000 P38
100 _aPentecost, J. Dwight
245 _aRomanism in the light of scripture
250 _a1 ed.
260 _aChicago :
_bMoody Press,
_c1962
300 _a127 p
650 _acatolicismo romano
942 _cBK
999 _c18628
_d18628